000 00742nam a2200229 a 4500
999 _c11320
_d11320
001 11320
003 BD-JhCC
005 20190825113431.0
008 190625s20072015bg a|||| ||a| 000 0 ben d
020 _a9848740171
035 _a(BD-JhCC)11320
040 _aBD-JhCC
_dBD-JhCC
041 _aben
082 _bRAS 2015
_a925
100 _aরসুল, এনায়েত
245 _aবিজ্ঞানীদের জীবন ও আবিষ্কার /
_cএনায়েত রসুল ।
260 _aঢাকা:
_bঅনিন্দ্য প্রকাশ;
_c২০১৫.
300 _a৪০৭ পৃ. :
_bill;
_c২২ সেমি.
650 _aScientist
942 _2ddc
_cBK